<?xml version="1.0" encoding="UTF-8"?>
<collection xmlns="http://www.loc.gov/MARC21/slim">
 <record>
  <leader>00709nam a22001935a 4500</leader>
  <controlfield tag="001">MAT.inmabb003404</controlfield>
  <controlfield tag="008">051114s1974####ru#######b####001#0#fre#d</controlfield>
  <controlfield tag="005">20130304104959.0</controlfield>
  <datafield tag="245" ind1="1" ind2="0">
   <subfield code="a">Éléments de la théorie des représentations /</subfield>
   <subfield code="c">A. Kirillov ; [traduit du russe par A. Sossinsky].</subfield>
  </datafield>
  <datafield tag="260" ind1=" " ind2=" ">
   <subfield code="a">Moscou :</subfield>
   <subfield code="b">Mir,</subfield>
   <subfield code="c">c1974.</subfield>
  </datafield>
  <datafield tag="300" ind1=" " ind2=" ">
   <subfield code="a">347 p. ;</subfield>
   <subfield code="c">22 cm.</subfield>
  </datafield>
  <datafield tag="500" ind1=" " ind2=" ">
   <subfield code="a">Traducción de: Elementy teorii predstavlenii. 1972.</subfield>
  </datafield>
  <datafield tag="504" ind1=" " ind2=" ">
   <subfield code="a">Bibliografía: p. [335]-340.</subfield>
  </datafield>
  <datafield tag="510" ind1="4" ind2=" ">
   <subfield code="a">MR,</subfield>
   <subfield code="c">52 #14134</subfield>
  </datafield>
  <datafield tag="100" ind1="1" ind2=" ">
   <subfield code="a">Kirillov, A. A.</subfield>
   <subfield code="q">(Aleksandr Aleksandrovich),</subfield>
   <subfield code="d">1936-</subfield>
  </datafield>
  <datafield tag="240" ind1="1" ind2="0">
   <subfield code="a">Elementy teorii predstavlenii.</subfield>
   <subfield code="l">Francés</subfield>
  </datafield>
  <datafield tag="084" ind1=" " ind2=" ">
   <subfield code="a">22E45 (22-01)</subfield>
   <subfield code="2">msc2000</subfield>
  </datafield>
  <datafield tag="041" ind1="1" ind2=" ">
   <subfield code="a">fre</subfield>
   <subfield code="h">rus</subfield>
  </datafield>
  <datafield tag="859" ind1=" " ind2=" ">
   <subfield code="h">22</subfield>
   <subfield code="i">K58</subfield>
   <subfield code="p">A-4841</subfield>
   <subfield code="b">BIB. MATEMATICA</subfield>
  </datafield>
 </record>
</collection>
